Statystyki dla 15 najbardziej dotkniętych krajów Covid-19 - 7 sierpnia

Kliknij tutaj aby rozwiązać quiz!

Ogólne statystyki

  • Ten quiz został rozwiązany 17 razy
  • Średni wynik to 10 z 25

Statystyki odpowiedzi

kraj% Poprawnych
Stany Zjednoczone
100%
Brazylia
81%
Indie
81%
Rosja
81%
Hiszpania
75%
Wielka Brytania
75%
Meksyk
63%
Republika
Południowej Afryki
56%
Pakistan
44%
Iran
38%
Kolumbia
38%
Peru
38%
Chile
31%
Chile
31%
Szwecja
31%
Arabia Saudyjska
25%
Bangladesz
25%
Oman
25%
Armenia
13%
Izrael
13%
Katar
13%
Kuwejt
13%
Panama
13%
Singapur
13%
Bahrajn
6%

Rozkład punktacji

Percentyl według liczby udzielonych odpowiedzi

Procent ludzi z każdym wynikiem

Twoja historia wyników

Nie rozwiązałeś tego quizu